| 000 | 01106nam a22003257a 4500 | ||
|---|---|---|---|
| 003 | CHAP | ||
| 005 | 20220329135027.0 | ||
| 008 | 971013s1954 r 00010 d | ||
| 010 | _a29773 | ||
| 011 | _a30745 | ||
| 035 | _a34857 | ||
| 040 | _cCHAP | ||
| 082 |
_a575.1 _bL44 |
||
| 100 | 0 | 0 |
_aL'Héritier, Philippe. _964183 |
| 245 | _aTraité de génétique | ||
| 260 |
_aParis : _bPresses Universitaires, _c1954 |
||
| 300 | _a3 v. | ||
| 505 | _aContenido: v.1 Le mécanisme de l'hérédité; génétique formelle.- v.2 La génétique des populations | ||
| 590 |
_aBATCH-UPD _b10 _c20130110 _lUCH01 _h0203 |
||
| 590 |
_aBATCH-UPD _b10 _c20130110 _lUCH01 _h1817 |
||
| 590 |
_aBATCH-UPD _b10 _c20130409 _lUCH01 _h2212 |
||
| 590 |
_aBATCH-UPD _b10 _c20130410 _lUCH01 _h1151 |
||
| 590 |
_aBATCH-UPD _b10 _c20130914 _lUCH01 _h1535 |
||
| 590 |
_aCONVERSION _b10 _c20130109 _lUCH01 _h1317 |
||
| 650 | 1 | 4 |
_aGenética. _947469 |
| 901 | _aBK | ||
| 942 | _cLIBRO | ||
| 949 |
_a575.1 L44 _bBC _cLIBRO _d33724000425922 _eLIBRO _fv.2 _h8485 _i34857 _si |
||
| 949 |
_a575.1 L44 _bBC _cLIBRO _d33724000425930 _eLIBRO _fv.1 _h8484 _i34857 _si |
||
| 999 |
_c29773 _d29773 |
||